Vera Brittain /

Bibliographic Details
Main Author: Bailey, Hilary
Format: Book
Language:English
Published: Harmondsworth, Middlesex ; New York : Penguin Books, 1987.
Series:Lives of modern women.
Subjects:

MARC

Tag First Indicator Second Indicator Subfields
LEADER 00000cam a2200000 a 4500
001 in00000024736
005 20151007054401.0
008 871202s1987 enkab b 00010beng d
020 |a 0140080031 :  |c $5.10 
035 |a (OCoLC)17160587 
035 |9 AAB4879AM 
040 |a PBU  |c PBU  |d TXA  |d UtOrBLW 
049 |a TXAM  |c [A11114665] 
050 4 |a PR6003.R385  |b Z43 1987 
100 1 |a Bailey, Hilary. 
245 1 0 |a Vera Brittain /  |c Hilary Bailey. 
264 1 |a Harmondsworth, Middlesex ;  |a New York :  |b Penguin Books,  |c 1987. 
300 |a 116 pages, 6 unnumbered pages, 8 unnumbered pages of plates :  |b illustrations, portraits ;  |c 20 cm. 
336 |a text  |b txt  |2 rdacontent 
337 |a unmediated  |b n  |2 rdamedia 
338 |a volume  |b nc  |2 rdacarrier 
490 1 |a Lives of modern women 
504 |a Bibliography: pages [121-122]. 
600 1 0 |a Brittain, Vera,  |d 1893-1970. 
650 0 |a Authors, English  |y 20th century  |v Biography. 
830 0 |a Lives of modern women. 
999 |a MARS 
999 f f |s 180710ac-4f94-3d85-b174-c2270a6c2adf  |i 19b5b7fc-7bd1-36e0-a04d-8777e0d99e45  |t 0 
952 f f |p normal  |a Texas A&M University  |b College Station  |c Sterling C. Evans Library  |d Evans: Library Stacks  |t 0  |e PR6003.R385 Z43 1987  |h Library of Congress classification  |i unmediated -- volume  |m A14811114665 
998 f f |a PR6003.R385 Z43 1987  |t 0  |l Evans: Library Stacks